Roma skład 20/21 - Statystyki

Ogólne statystyki
  • Ten quiz został rozwiązany 28 razy
  • Średni wynik to 10 z 25
Statystyki odpowiedzi
Piłkarz Piłkarz % Poprawnych
Napastnik Dzeko
85%
Pomocnik Pellegrini
77%
Obrońca Smalling
58%
Bramkarz Lopez
54%
Pomocnik Zaniolo
54%
Obrońca Mancini
50%
Pomocnik Mkhitaryan
50%
Obrońca Ibanez
46%
Pomocnik Cristante
42%
Napastnik El Shaarawy
42%
Obrońca Fazio
38%
Obrońca Karsdorp
38%
Bramkarz Mirante
38%
Obrońca Peres
38%
Napastnik Mayoral
35%
Napastnik Pedro
35%
Pomocnik Spinazzola
35%
Obrońca Jesus
31%
Napastnik Perez
31%
Pomocnik Veretout
31%
Pomocnik Diawara
27%
Obrońca Kumbulla
27%
Pomocnik Pastore
15%
Obrońca Santon
12%
Pomocnik Villar
12%
Nie znaleziono quizów pasujących do podanych kryteriów
Rozkład punktacji
Procent ludzi z każdym wynikiem
Percentyl według liczby udzielonych odpowiedzi
Twoja historia wyników
Nie rozwiązałeś tego quizu